00647nam a2200157Ia 4500008004100000100002100041245007700062245010900139260005300248260000900301300001100310650001500321856006100336999001900397952007300416170221s9999 xx 000 0 und d aYurii B. Mindlin 4aThe Formation of Cluster Systems of Education in the Russian Federation  cYurii B. Mindlin, Marina V. Melnichuk, Yulia S. Lisichkina, Natalia B. Golovanova, Svetlana F. Litvinova bInternational Review of Management and Marketing c2016 a6 : 6S xMarketing. uhttp://www.econjournals.com/index.php/irmm/issue/view/86 c308529d308529 001040aCLbCLd2017-02-21l0r2017-02-21 00:00:00w2017-02-21yFOJ